Bifurcations & instabilities in geomechanics : (Record no. 1105)
[ view plain ]
| 000 -LEADER | |
|---|---|
| fixed length control field | 00540 a2200121 4500 |
| 020 ## - INTERNATIONAL STANDARD BOOK NUMBER | |
| International Standard Book Number | 9058095630 (hd. bd.) |
| 082 ## - DEWEY DECIMAL CLASSIFICATION NUMBER | |
| Classification number | 624.15136 LAB |
| 245 ## - TITLE STATEMENT | |
| Title | Bifurcations & instabilities in geomechanics : |
| Remainder of title | proceedings of the International Workshop on Bifurcations & Instabilities in Geomechanics, IWBI 2002, 2-5 June 2002, Minneapolis MN, USA / |
| Statement of responsibility, etc. | edited by J.F. Labuz & A. Drescher. |
| 260 ## - PUBLICATION, DISTRIBUTION, ETC. | |
| Place of publication, distribution, etc. | Lisse ; |
| -- | Exton, PA : |
| Name of publisher, distributor, etc. | A.A. Balkema, |
| Date of publication, distribution, etc. | c2003. |
| 300 ## - PHYSICAL DESCRIPTION | |
| Extent | ix, 263 p. : |
| Other physical details | ill. ; |
| Dimensions | 26 cm. |
| 650 ## - SUBJECT ADDED ENTRY--TOPICAL TERM | |
| Topical term or geographic name entry element | Soil mechanics |
| 650 ## - SUBJECT ADDED ENTRY--TOPICAL TERM | |
| Topical term or geographic name entry element | Bifurcation theory |
| 650 ## - SUBJECT ADDED ENTRY--TOPICAL TERM | |
| Topical term or geographic name entry element | Localization theory |
| Withdrawn status | Lost status | Damaged status | Not for loan | Permanent Location | Current Location | Shelving location | Date acquired | Total Checkouts | Full call number | Barcode | Date last seen | Price effective from | Koha item type |
|---|---|---|---|---|---|---|---|---|---|---|---|---|---|
| School of Civil and Environmental Engineering (SCEE) | School of Civil and Environmental Engineering (SCEE) | 624.15136 LAB | NIT-924 | 01/05/2017 | 01/05/2017 | Book |
